000
00261nam a22001097a 4500
082
_a
629.8323 VAL'B
100
_a
VALKENBURGH, VAN
_9
41693
245
_a
BASIC SYNCHROS AND SERVOMECHANICS PART0-2
260
_a
LONDON
_b
TP
_c
1968
300
_a
2-110P
942
_c
BK
999
_c
584631
_d
584631